Les 6 Premières Dérivées de la Position - Physique - Statistiques

Statistiques générales
  • Ce quiz a été pris 46 fois
  • Le résultat moyen est 2 sur 6
Statistiques - réponses
Dérivées % Correct
Vitesse
100%
Accélération
98%
Jerk
19%
Snap
7%
Crackle
2%
Pop
2%
Aucun quiz correspondant
Distribution des résultats
% des personnes avec chaque résultat
Percentile par nombre de réponses
Votre historique - résultats
Vous n’avez pas pris ce quiz